00634nam a22002297a 4500003000500000005001700005008004100022010000800063011000900071035000800080040000900088082001900097100002200116245001300138250001000151260003800161300002000199490006900219500001000288650002000298830008600318CHAP20250322162305.0971013s1989 r 00010 d a608 a1580 a756 cCHAP a636.4bB4 198910aBerlijn, Johan D. aPorcinos a2 ed. aMéxico, D. F. :bTrillas,c1989 a110 p.b: ilus. aManuales para educación agropecuaria. Producción animalv; 5 a37-8214aGanado porcino.0 aManuales para educación agropecuaria. Área producción animal (Trillas)v; 5